[Event "Bosnjaci op 18th"]
[Site "Bosnjaci"]
[Date "2013.01.03"]
[Round "1"]
[White "Rogulj, Branko"]
[Black "Damjanovic, Ilija"]
[Result "1/2-1/2"]
[WhiteElo "2422"]
[BlackElo "1913"]
[PlyCount "137"]
[EventDate "2013.01.03"]
[EventType "swiss"]
[EventRounds "9"]
[EventCountry "CRO"]
[SourceTitle "CBM 152 Extra"]
[Source "ChessBase"]
[SourceDate "2013.02.25"]
[SourceVersion "1"]
[SourceVersionDate "2013.02.25"]
[SourceQuality "1"]

1. e4 e5 2. Nf3 d6 3. d4 exd4 4. Qxd4 Nc6 5. Bb5 Bd7 6. Bxc6 Bxc6 7. Bg5 Nf6 8. Bxf6 Qxf6 9. Qxf6 gxf6 10. Nc3 0-0-0 11. 0-0 h5 12. Nd4 Bd7 13. Rad1 h4 14. Nd5 Rh6 15. Rfe1 Rg6 16. Kf1 c6 17. Ne3 Be6 18. f4 Bg4 19. Rd2 Re8 20. h3 Bd7 21. Nef5 c5 22. Nf3 Bxf5 23. exf5 Rxe1+ 24. Kxe1 Rh6 25. c4 Kd7 26. Kf2 Rh8 27. Rd3 Bh6 28. Nxh4 Bxf4 29. Nf3 Rh5 30. g3 Be5 31. g4 Rh8 32. h4 Bf4 33. Kg2 Re8 34. Kh3 Re2 35. Rb3 Kc6 36. g5 fxg5 37. hxg5 a6 38. Kg4 Re4 39. Kh5 Rxc4 40. f6 Rc1 41. Kh6 c4 42. Ra3 Kd7 43. Kg7 Ke6 44. Nd4+ Kd7 45. Ne2 Bxg5 46. Nxc1 Bxc1 47. Rc3 Bxb2 48. Rxc4 Ke6 49. Re4+ Be5 50. a4 b5 51. a5 b4 52. Rxb4 Bxf6+ 53. Kf8 Bc3 54. Re4+ Be5 55. Rb4 f5 56. Rb6 f4 57. Rxa6 Bc3 58. Ra7 f3 59. Re7+ Kf5 60. a6 Bd4 61. Rf7+ Ke4 62. Ke7 d5 63. Ke6 f2 64. Rf5 Be3 65. Re5+ Kf3 66. Rf5+ Ke4 67. Re5+ Kf3 68. Rf5+ Ke4 69. Re5+ 1/2-1/2

[Event "Bosnjaci op 14th"]
[Site "Bosnjaci"]
[Date "2009.01.04"]
[Round "3"]
[White "Damjanovic, Ilija"]
[Black "Ascic, Pero"]
[Result "0-1"]
[WhiteElo "1999"]
[BlackElo "2338"]
[PlyCount "88"]
[EventDate "2009.01.03"]
[EventType "swiss"]
[EventRounds "9"]
[EventCountry "CRO"]
[SourceTitle "CBM 128 Extra"]
[Source "ChessBase"]
[SourceDate "2009.03.05"]
[SourceVersion "2"]
[SourceVersionDate "2009.03.25"]
[SourceQuality "1"]

1. e4 e5 2. Nf3 Nc6 3. d4 exd4 4. Nxd4 Qh4 5. Nc3 Bb4 6. Qd3 Nf6 7. Nf5 Qxe4+ 8. Be3 0-0 9. 0-0-0 Bxc3 10. bxc3 d6 11. Ng3 Qxd3 12. Bxd3 Ng4 13. Nf1 Nxe3 14. Nxe3 Be6 15. g4 Ne5 16. h3 Ng6 17. Be4 Rab8 18. Kb2 Rfd8 19. Ng2 b5 20. f4 Bc4 21. a3 Nf8 22. f5 Nd7 23. Nf4 Nc5 24. Rde1 Na4+ 25. Kc1 Nxc3 26. Kd2 Nxe4+ 27. Rxe4 Re8 28. Rhe1 Rxe4 29. Rxe4 Kf8 30. g5 Re8 31. Ke3 a5 32. h4 c5 33. h5 Rxe4+ 34. Kxe4 Ke7 35. c3 f6 36. g6 h6 37. Ke3 Kd7 38. Ke4 Bg8 39. Nd3 d5+ 40. Ke3 Kd6 41. Kf4 d4 42. cxd4 cxd4 43. Ke4 Bc4 44. Nf4 d3 0-1

[Event "Bosnjaci op 13th"]
[Site "Bosnjaci"]
[Date "2008.01.07"]
[Round "7"]
[White "Radovic, Sinisa"]
[Black "Damjanovic, Ilija"]
[Result "1-0"]
[WhiteElo "1897"]
[BlackElo "2023"]
[PlyCount "61"]
[EventDate "2008.01.03"]
[EventType "swiss"]
[EventRounds "9"]
[EventCountry "CRO"]
[SourceTitle "CBM 122 Extra"]
[Source "ChessBase"]
[SourceDate "2008.03.04"]
[SourceVersion "1"]
[SourceVersionDate "2008.03.04"]
[SourceQuality "1"]

1. e4 e5 2. Nf3 d6 3. Bc4 Be7 4. h3 Nf6 5. Nc3 Nc6 6. 0-0 0-0 7. d4 exd4 8. Nxd4 Nxd4 9. Qxd4 Be6 10. Bd3 Nd7 11. f4 Bf6 12. Qf2 Nc5 13. Be3 b6 14. Rad1 Nxd3 15. cxd3 Bxc3 16. bxc3 d5 17. f5 Bc8 18. e5 f6 19. e6 c5 20. Qg3 Qe7 21. Rf4 Qc7 22. Qh4 Qe5 23. Qg3 d4 24. cxd4 cxd4 25. Bxd4 Qd6 26. Bc3 Bb7 27. Bb4 Qd5 28. Bxf8 Kxf8 29. Rg4 Qc5+ 30. Kh1 Qe7 31. Rc1 1-0

[Event "Bosnjaci op 13th"]
[Site "Bosnjaci"]
[Date "2008.01.04"]
[Round "2"]
[White "Tomasevic, Ivana"]
[Black "Damjanovic, Ilija"]
[Result "0-1"]
[WhiteElo "1824"]
[BlackElo "2023"]
[PlyCount "78"]
[EventDate "2008.01.03"]
[EventType "swiss"]
[EventRounds "9"]
[EventCountry "CRO"]
[SourceTitle "CBM 122 Extra"]
[Source "ChessBase"]
[SourceDate "2008.03.04"]
[SourceVersion "1"]
[SourceVersionDate "2008.03.04"]
[SourceQuality "1"]

1. d4 f5 2. c4 Nf6 3. Nc3 e6 4. Nf3 b6 5. Bf4 Be7 6. e3 0-0 7. Bd3 d6 8. Bc2 Nh5 9. Bg3 Nd7 10. d5 e5 11. Nd2 g6 12. f4 e4 13. Bf2 Bf6 14. Rb1 Bxc3 15. bxc3 Nc5 16. Nb3 Qf6 17. Qd4 Ba6 18. Qxf6 Nxf6 19. Nxc5 dxc5 20. Bb3 Ne8 21. Rd1 Nd6 22. h3 Bxc4 23. Bh4 Rf7 24. g4 Bd3 25. Rc1 c4 26. Bc2 Kg7 27. Rh2 Rd7 28. Rb1 a6 29. a4 Rf8 30. g5 Nb7 31. Bxd3 exd3 32. Rb4 Na5 33. Bf2 Rxd5 34. h4 Rb8 35. h5 c5 36. Rb2 Nb3 37. hxg6 hxg6 38. Bg3 Re8 39. Bf2 Rdd8 0-1